[Event "Tournoi norme de MI"]
[Site "PARIS"]
[Date "????.??.??"]
[Round "9.3"]
[White "Laurent, Julien G."]
[Black "Bassini, Emile"]
[Result "0-1"]
[TimeControl "90mn+30s/c"]
[WhiteElo "2199"]
[BlackElo "2382"]

1. d4 {[%clk 01:13:27]} {[%emt 00:17:29]} Nf6 {[%clk 01:30:58]} {[%emt
00:00:06]} 2. c4 {[%clk 01:13:46]} {[%emt 00:00:12]} g6 {[%clk 01:31:23]}
{[%emt 00:00:03]} 3. Nc3 {[%clk 01:14:11]} {[%emt 00:00:06]} Bg7 {[%clk
01:31:50]} {[%emt 00:00:03]} 4. e4 {[%clk 01:14:38]} {[%emt 00:00:03]} d6
{[%clk 01:32:16]} {[%emt 00:00:04]} 5. Nf3 {[%clk 01:15:05]} {[%emt 00:00:03]}
O-O {[%clk 01:32:40]} {[%emt 00:00:06]} 6. Be2 {[%clk 01:15:30]} {[%emt
00:00:05]} e5 {[%clk 01:33:05]} {[%emt 00:00:04]} 7. O-O {[%clk 01:15:46]}
{[%emt 00:00:15]} Nc6 {[%clk 01:33:07]} {[%emt 00:00:29]} 8. d5 {[%clk
01:16:14]} {[%emt 00:00:02]} Ne7 {[%clk 01:33:32]} {[%emt 00:00:05]} 9. Ne1
{[%clk 01:16:42]} {[%emt 00:00:02]} Nd7 {[%clk 01:33:56]} {[%emt 00:00:05]} 10.
Nd3 {[%clk 01:16:54]} {[%emt 00:00:17]} f5 {[%clk 01:34:21]} {[%emt 00:00:05]}
11. f3 {[%clk 01:17:22]} {[%emt 00:00:02]} f4 {[%clk 01:34:34]} {[%emt
00:00:17]} 12. Bd2 {[%clk 01:17:45]} {[%emt 00:00:07]} g5 {[%clk 01:33:50]}
{[%emt 00:01:14]} 13. Rc1 {[%clk 01:18:09]} {[%emt 00:00:05]} Nf6 {[%clk
01:33:04]} {[%emt 00:01:15]} 14. c5 {[%clk 01:18:14]} {[%emt 00:00:26]} Ng6
{[%clk 01:33:09]} {[%emt 00:00:25]} 15. Nb5 {[%clk 01:17:14]} {[%emt 00:01:31]}
Rf7 {[%clk 01:33:32]} {[%emt 00:00:07]} 16. Nf2 {[%clk 01:15:19]} {[%emt
00:02:25]} a6 {[%clk 01:20:11]} {[%emt 00:13:51]} 17. Na3 {[%clk 01:15:32]}
{[%emt 00:00:17]} dxc5 {[%clk 01:19:48]} {[%emt 00:00:53]} 18. Rxc5 {[%clk
01:14:51]} {[%emt 00:01:11]} Bf8 {[%clk 01:18:47]} {[%emt 00:01:31]} 19. Rc2
{[%clk 01:13:28]} {[%emt 00:01:54]} b5 {[%clk 01:15:03]} {[%emt 00:04:14]} 20.
g4 {[%clk 01:01:07]} {[%emt 00:12:50]} h5 {[%clk 01:02:19]} {[%emt 00:13:15]}
21. h3 {[%clk 00:59:48]} {[%emt 00:01:50]} Rh7 {[%clk 01:02:25]} {[%emt
00:00:24]} 22. Qe1 {[%clk 00:54:50]} {[%emt 00:05:28]} hxg4 {[%clk 00:31:28]}
{[%emt 00:31:27]} 23. fxg4 {[%clk 00:53:18]} {[%emt 00:02:02]} Bd6 {[%clk
00:30:41]} {[%emt 00:01:17]} 24. Bb4 {[%clk 00:51:51]} {[%emt 00:01:57]} f3
{[%clk 00:30:45]} {[%emt 00:00:26]} 25. Bxf3 {[%clk 00:51:38]} {[%emt
00:00:43]} Nf4 {[%clk 00:31:11]} {[%emt 00:00:05]} 26. Bg2 {[%clk 00:51:20]}
{[%emt 00:00:48]} Qf8 {[%clk 00:30:06]} {[%emt 00:01:35]} 27. Bxd6 {[%clk
00:50:50]} {[%emt 00:01:00]} cxd6 {[%clk 00:30:34]} {[%emt 00:00:02]} 28. Qe3
{[%clk 00:49:34]} {[%emt 00:01:46]} Qh6 {[%clk 00:29:09]} {[%emt 00:01:56]} 29.
Qg3 {[%clk 00:45:28]} {[%emt 00:04:36]} Bd7 {[%clk 00:29:20]} {[%emt 00:00:19]}
30. Rd2 {[%clk 00:45:47]} {[%emt 00:00:10]} Rc8 {[%clk 00:17:03]} {[%emt
00:12:47]} 31. Re1 {[%clk 00:42:19]} {[%emt 00:03:58]} Be8 {[%clk 00:17:08]}
{[%emt 00:00:25]} 32. Nc2 {[%clk 00:37:29]} {[%emt 00:05:20]} Rhc7 {[%clk
00:17:26]} {[%emt 00:00:12]} 33. Ne3 {[%clk 00:35:46]} {[%emt 00:02:13]} Bg6
{[%clk 00:17:50]} {[%emt 00:00:06]} 34. Bf3 {[%clk 00:34:48]} {[%emt 00:01:28]}
Rc1 {[%clk 00:16:42]} {[%emt 00:01:39]} 35. Rxc1 {[%clk 00:34:00]} {[%emt
00:01:19]} Rxc1+ {[%clk 00:17:10]} {[%emt 00:00:01]} 36. Kh2 {[%clk 00:34:24]}
{[%emt 00:00:05]} Qh7 {[%clk 00:16:34]} {[%emt 00:01:06]} 37. Nf5 {[%clk
00:34:21]} {[%emt 00:00:33]} Qa7 {[%clk 00:15:32]} {[%emt 00:01:33]} 38. Bd1
{[%clk 00:32:17]} {[%emt 00:02:34]} Bxf5 {[%clk 00:09:48]} {[%emt 00:06:15]} 39.
gxf5 {[%clk 00:32:45]} {[%emt 00:00:02]} Kf7 {[%clk 00:10:11]} {[%emt
00:00:06]} 40. b4 {[%clk 00:20:04]} {[%emt 00:13:11]} Rc4 {[%clk 00:08:51]}
{[%emt 00:01:50]} 41. a3 {[%clk 00:19:54]} {[%emt 00:00:40]} Rxe4 {[%clk
00:08:00]} {[%emt 00:01:21]} 42. Nxe4 {[%clk 00:18:04]} {[%emt 00:02:20]} Nxe4
{[%clk 00:08:28]} {[%emt 00:00:02]} 43. Qe1 {[%clk 00:18:27]} {[%emt 00:00:07]}
Nxd2 {[%clk 00:08:37]} {[%emt 00:00:22]} 44. Qxd2 {[%clk 00:18:55]} {[%emt
00:00:02]} Kf6 {[%clk 00:07:44]} {[%emt 00:01:23]} 0-1

[Event "Tournoi norme de MI"]
[Site "PARIS"]
[Date "????.??.??"]
[Round "9.2"]
[White "Mouhamad, Joachim"]
[Black "Bonte, Andrei-Mihai"]
[Result "1/2-1/2"]
[TimeControl "90mn+30s/c"]
[WhiteElo "2301"]
[BlackElo "2340"]

1. e4 {[%clk 01:28:13]} {[%emt 00:02:45]} c6 {[%clk 01:25:50]} {[%emt
00:05:11]} 2. d4 {[%clk 01:28:32]} {[%emt 00:00:11]} d5 {[%clk 01:26:16]}
{[%emt 00:00:04]} 3. Nd2 {[%clk 01:28:28]} {[%emt 00:00:33]} g6 {[%clk
01:26:13]} {[%emt 00:00:34]} 4. Ngf3 {[%clk 01:28:05]} {[%emt 00:00:52]} Bg7
{[%clk 01:26:29]} {[%emt 00:00:14]} 5. c3 {[%clk 01:27:44]} {[%emt 00:00:51]}
Nh6 {[%clk 01:18:31]} {[%emt 00:08:28]} 6. Bd3 {[%clk 01:27:25]} {[%emt
00:00:49]} O-O {[%clk 01:18:53]} {[%emt 00:00:08]} 7. O-O {[%clk 01:27:28]}
{[%emt 00:00:27]} dxe4 {[%clk 01:13:23]} {[%emt 00:06:01]} 8. Nxe4 {[%clk
01:27:47]} {[%emt 00:00:10]} Bg4 {[%clk 01:13:46]} {[%emt 00:00:07]} 9. h3
{[%clk 01:27:42]} {[%emt 00:00:35]} Bxf3 {[%clk 01:14:11]} {[%emt 00:00:05]} 10.
Qxf3 {[%clk 01:28:03]} {[%emt 00:00:07]} Nd7 {[%clk 01:10:26]} {[%emt
00:04:17]} 11. Bg5 {[%clk 01:27:31]} {[%emt 00:01:02]} f6 {[%clk 01:05:38]}
{[%emt 00:05:19]} 12. Bxh6 {[%clk 01:23:38]} {[%emt 00:04:23]} Bxh6 {[%clk
01:06:06]} {[%emt 00:00:02]} 13. Rad1 {[%clk 01:16:13]} {[%emt 00:07:54]} f5
{[%clk 01:02:58]} {[%emt 00:03:38]} 14. Bc4+ {[%clk 01:09:30]} {[%emt
00:07:13]} Kh8 {[%clk 01:03:17]} {[%emt 00:00:11]} 15. Nc5 {[%clk 00:54:10]}
{[%emt 00:15:50]} Nxc5 {[%clk 01:03:23]} {[%emt 00:00:24]} 16. dxc5 {[%clk
00:54:37]} {[%emt 00:00:03]} Qc7 {[%clk 01:03:21]} {[%emt 00:00:31]} 17. Qe2
{[%clk 00:54:09]} {[%emt 00:00:58]} e5 {[%clk 00:57:38]} {[%emt 00:06:13]} 18.
Rd6 {[%clk 00:53:43]} {[%emt 00:00:57]} e4 {[%clk 00:57:44]} {[%emt 00:00:24]}
19. Rfd1 {[%clk 00:53:36]} {[%emt 00:00:37]} Rad8 {[%clk 00:55:39]} {[%emt
00:02:35]} 20. Bb3 {[%clk 00:36:53]} {[%emt 00:17:12]} Bf4 {[%clk 00:52:54]}
{[%emt 00:03:15]} 21. Rxd8 {[%clk 00:37:01]} {[%emt 00:00:22]} Rxd8 {[%clk
00:53:18]} {[%emt 00:00:06]} 22. Rd4 {[%emt 00:00:28]} Qc8 23. Rd7 Qc7 24.
Rxd8+ {[%clk 00:37:03]} Qxd8 {[%clk 00:53:47]} {[%emt 00:00:02]} 25. Qc4 {[%clk
00:35:59]} {[%emt 00:01:32]} Kg7 {[%clk 00:49:18]} {[%emt 00:05:00]} 26. Qd4+
{[%clk 00:28:56]} {[%emt 00:07:34]} Qf6 {[%clk 00:38:22]} {[%emt 00:11:26]} 27.
Qd7+ {[%clk 00:25:24]} {[%emt 00:04:03]} Kh6 {[%clk 00:38:40]} {[%emt
00:00:11]} 28. Bg8 {[%clk 00:25:18]} {[%emt 00:00:35]} Qg7 {[%clk 00:36:57]}
{[%emt 00:02:14]} 29. Qxg7+ {[%clk 00:24:59]} {[%emt 00:00:50]} Kxg7 {[%clk
00:37:25]} {[%emt 00:00:02]} 30. Be6 {[%clk 00:25:12]} {[%emt 00:00:16]} Bc1
{[%clk 00:33:27]} {[%emt 00:04:28]} 31. Bc8 {[%clk 00:19:55]} {[%emt 00:05:48]}
Bxb2 {[%clk 00:33:13]} {[%emt 00:00:44]} 32. Bxb7 {[%clk 00:20:20]} {[%emt
00:00:05]} Bxc3 {[%clk 00:33:21]} {[%emt 00:00:22]} 33. Bxc6 {[%clk 00:20:46]}
{[%emt 00:00:04]} Bd4 {[%clk 00:33:42]} {[%emt 00:00:09]} 34. Kf1 {[%clk
00:20:41]} {[%emt 00:00:35]} Kf6 {[%clk 00:30:12]} {[%emt 00:04:00]} 35. Ke2
{[%clk 00:20:42]} {[%emt 00:00:28]} Ke5 {[%clk 00:30:13]} {[%emt 00:00:29]} 36.
Be8 {[%clk 00:19:24]} {[%emt 00:01:49]} Bxc5 {[%clk 00:30:19]} {[%emt
00:00:24]} 37. Bf7 {[%clk 00:19:46]} {[%emt 00:00:08]} g5 {[%clk 00:25:04]}
{[%emt 00:05:45]} 38. Be8 {[%clk 00:18:56]} {[%emt 00:01:19]} h6 {[%clk
00:23:31]} {[%emt 00:02:03]} 39. Bf7 {[%clk 00:19:10]} {[%emt 00:00:16]} Kf4
{[%clk 00:23:52]} {[%emt 00:00:08]} 40. Be8 {[%clk 00:16:03]} {[%emt 00:03:38]}
Bb6 {[%clk 00:23:20]} {[%emt 00:01:02]} 41. Bf7 {[%clk 00:15:58]} {[%emt
00:00:35]} g4 {[%clk 00:22:37]} {[%emt 00:01:12]} 42. hxg4 {[%clk 00:15:41]}
{[%emt 00:00:47]} Kxg4 {[%clk 00:20:56]} {[%emt 00:02:11]} 43. Be6 {[%clk
00:14:44]} {[%emt 00:01:27]} Kg5 {[%clk 00:18:37]} {[%emt 00:02:49]} 44. Bd7
{[%clk 00:14:16]} {[%emt 00:00:58]} h5 {[%clk 00:18:54]} {[%emt 00:00:13]} 45.
Bc8 {[%clk 00:13:57]} {[%emt 00:00:50]} h4 {[%clk 00:18:20]} {[%emt 00:01:04]}
46. Bd7 {[%clk 00:13:23]} {[%emt 00:01:03]} Kf4 {[%clk 00:17:10]} {[%emt
00:01:41]} 47. Bc8 {[%clk 00:13:12]} {[%emt 00:00:41]} Ke5 {[%clk 00:17:25]}
{[%emt 00:00:15]} 48. Bd7 {[%clk 00:13:18]} {[%emt 00:00:25]} f4 {[%clk
00:17:50]} {[%emt 00:00:05]} 49. f3 {[%clk 00:13:05]} {[%emt 00:00:42]} e3
{[%clk 00:17:55]} {[%emt 00:00:26]} 50. Bc8 {[%clk 00:13:03]} {[%emt 00:00:32]}
Kf6 {[%clk 00:18:06]} {[%emt 00:00:19]} 51. Bd7 {[%clk 00:13:24]} {[%emt
00:00:09]} Kg5 {[%clk 00:18:31]} {[%emt 00:00:05]} 52. Bh3 {[%clk 00:13:39]}
{[%emt 00:00:15]} Bc5 {[%clk 00:18:44]} {[%emt 00:00:17]} 53. Kd3 {[%clk
00:14:00]} {[%emt 00:00:08]} Ba3 {[%clk 00:19:07]} {[%emt 00:00:08]} 54. Ke2
{[%clk 00:14:23]} {[%emt 00:00:07]} Bb2 {[%clk 00:18:59]} {[%emt 00:00:37]} 55.
Kd3 {[%clk 00:14:48]} {[%emt 00:00:05]} Bg7 {[%emt 00:00:06]} 56. Ke4 {[%emt
00:00:11]} 1/2-1/2